MARC

LEADER 00000nam0a2200000 4500
001 82933
005 20231031095924.0
035 |a (RuTPU)RU\TPU\book\89126 
090 |a 82933 
100 |a 20051008d1979 m y0rusy50 ca 
101 0 |a rus 
102 |a RU 
105 |a a z 000zy 
200 1 |a Ракетчики  |e сборник  |f М. Г. Григорьев, Г. Н. Астапенко, И. П. Терехов, А. И. Яровский 
210 |a Москва  |c ДОСААФ СССР  |d 1979 
215 |a 135 с.  |c ил. 
610 1 |a военное дело 
610 1 |a Вооруженные Силы 
610 1 |a Россия 
610 1 |a СССР 
610 1 |a ракетная техника 
610 1 |a ракетные войска 
686 |a Ц50  |v LBC/SL-A  |2 rubbk 
701 1 |a Григорьев  |b М. Г. 
701 1 |a Астапенко  |b Г. Н. 
701 1 |a Терехов  |b И. П. 
701 1 |a Яровский  |b А. И. 
801 1 |a RU  |b 63413507  |c 20051008  |g PSBO 
801 2 |a RU  |b 63413507  |c 20051026  |g PSBO 
942 |c BK